[Event "GER MS-038 email"]
[Site "GER email"]
[Date "2008.10.22"]
[Round "?"]
[White "Hinz, Juergen"]
[Black "Pogrzeba, Guenther"]
[Result "0-1"]
[WhiteElo "1816"]
[BlackElo "1881"]
[PlyCount "74"]
[EventDate "2008.??.??"]
[EventType "tourn (corr)"]
[EventRounds "6"]
[EventCountry "GER"]
[SourceTitle "Corr 2011"]
[Source "ChessBase"]
[SourceDate "2010.08.31"]
[SourceVersion "1"]
[SourceVersionDate "2010.08.31"]
[SourceQuality "1"]

1. e4 c5 2. Nf3 e6 3. d4 cxd4 4. Nxd4 Nc6 5. Nc3 Nf6 6. Ndb5 d6 7. Bf4 e5 8. Bg5 a6 9. Na3 b5 10. Bxf6 gxf6 11. Nd5 f5 12. Bd3 Be6 13. 0-0 Bg7 14. Qh5 f4 15. c4 bxc4 16. Bxc4 0-0 17. Rac1 Rb8 18. b3 Qd7 19. Rfd1 Kh8 20. h3 Rg8 21. Rc3 Qb7 22. Nc2 Rbc8 23. Ne1 Nd4 24. Nf3 Nxf3+ 25. Qxf3 f5 26. exf5 Bxf5 27. g4 Rcf8 28. Qe2 e4 29. Bxa6 f3 30. Qc4 Qf7 31. Kf1 Be5 32. gxf5 Qg7 33. Ke1 Qg1+ 34. Qf1 Qh2 35. Kd2 Rg2 36. Ke3 Bg7 37. f6 Bh6+ 0-1

[Event "GER-ch40 V04 email"]
[Site "GER email"]
[Date "2008.04.28"]
[Round "?"]
[White "Mergard, Hans Peter"]
[Black "Pogrzeba, Guenther"]
[Result "0-1"]
[WhiteElo "1937"]
[BlackElo "2044"]
[PlyCount "68"]
[EventDate "2008.??.??"]
[EventType "tourn (corr)"]
[EventRounds "10"]
[EventCountry "GER"]
[SourceTitle "Corr 2011"]
[Source "ChessBase"]
[SourceDate "2010.08.31"]
[SourceVersion "1"]
[SourceVersionDate "2010.08.31"]
[SourceQuality "1"]

1. e4 c5 2. Nf3 e6 3. d4 cxd4 4. Nxd4 Nc6 5. Nc3 Nf6 6. Ndb5 d6 7. Bf4 e5 8. Bg5 a6 9. Na3 b5 10. Bxf6 gxf6 11. Nd5 f5 12. Bd3 Be6 13. 0-0 Bxd5 14. exd5 Ne7 15. Nxb5 Bg7 16. Nc3 e4 17. Bc4 0-0 18. Qh5 Qc7 19. Bb3 Kh8 20. Na4 f4 21. c4 f5 22. Rac1 Rf6 23. c5 Rg8 24. Rfd1 Rh6 25. Qg5 Rg6 26. Qh5 Be5 27. g3 fxg3 28. hxg3 e3 29. fxe3 Rxg3+ 30. Kf1 f4 31. Ke2 Rxe3+ 32. Kf2 Nf5 33. Qxf5 Qg7 34. Rg1 Rg3 0-1

[Event "GER T10-C41-S1 email"]
[Site "GER email"]
[Date "2007.05.22"]
[Round "?"]
[White "Pogrzeba, Guenther"]
[Black "K, Ch"]
[Result "1-0"]
[WhiteElo "2355"]
[BlackElo "2185"]
[PlyCount "77"]
[EventDate "2007.??.??"]
[EventType "tourn (corr)"]
[EventRounds "6"]
[EventCountry "GER"]
[SourceTitle "Corr 2020"]
[Source "ChessBase"]
[SourceDate "2019.09.30"]
[SourceVersion "1"]
[SourceVersionDate "2019.09.30"]
[SourceQuality "1"]

1. e4 e5 2. Nf3 d6 3. d4 f5 4. Nc3 fxe4 5. Nxe4 Nf6 6. Nxf6+ gxf6 7. Be2 Bg7 8. Be3 Nc6 9. c3 Ne7 10. dxe5 fxe5 11. Ng5 0-0 12. Qc2 Bf5 13. Bd3 Qd7 14. g4 Bg6 15. 0-0-0 Rae8 16. h4 Qxg4 17. h5 Bxd3 18. Qxd3 e4 19. Qc4+ d5 20. Rxd5 Nxd5 21. Qxd5+ Kh8 22. Nf7+ Rxf7 23. Qxf7 Qe6 24. Qxc7 Qxa2 25. Qd7 Qe6 26. Qxb7 Re7 27. Qb8+ Qg8 28. Qb4 Re8 29. h6 Bf6 30. Rd1 Qf7 31. Qa4 Kg8 32. Rd7 Qh5 33. Qc4+ Kh8 34. Rd6 Be5 35. Qd5 Qg4 36. Rd8 Rxd8 37. Qxd8+ Qg8 38. Qe7 Qg1+ 39. Kc2 1-0

[Event "GER T10-C41-S1 email"]
[Site "GER email"]
[Date "2007.05.22"]
[Round "?"]
[White "Pogrzeba, Guenther"]
[Black "Liesenberg, Martin"]
[Result "1-0"]
[WhiteElo "2355"]
[BlackElo "1599"]
[PlyCount "29"]
[EventDate "2007.??.??"]
[EventType "tourn (corr)"]
[EventRounds "6"]
[EventCountry "GER"]
[SourceTitle "Corr 2020"]
[Source "ChessBase"]
[SourceDate "2019.09.30"]
[SourceVersion "1"]
[SourceVersionDate "2019.09.30"]
[SourceQuality "1"]

1. e4 e5 2. Nf3 d6 3. d4 f5 4. exf5 Bxf5 5. dxe5 dxe5 6. Qxd8+ Kxd8 7. Nxe5 Be6 8. Bf4 Bd6 9. Nc3 Nd7 10. 0-0-0 Ngf6 11. Nb5 Bxe5 12. Bxe5 Rc8 13. Nxa7 Ra8 14. Nb5 Nd5 15. Bc4 1-0

[Event "GER HS-020 email"]
[Site "GER email"]
[Date "2006.12.24"]
[Round "?"]
[White "Pogrzeba, Guenther"]
[Black "Lehnhoff, Heinz Georg"]
[Result "1-0"]
[WhiteElo "1881"]
[BlackElo "2055"]
[PlyCount "45"]
[EventDate "2006.??.??"]
[EventType "tourn (corr)"]
[EventRounds "6"]
[EventCountry "GER"]
[SourceTitle "Corr 2008"]
[Source "ChessBase"]
[SourceDate "2008.06.24"]
[SourceVersion "1"]
[SourceVersionDate "2008.06.24"]
[SourceQuality "1"]

1. d4 Nf6 2. c4 e6 3. Nf3 c5 4. d5 exd5 5. cxd5 d6 6. Nc3 g6 7. e4 a6 8. Bf4 b5 9. Bd3 Bg7 10. 0-0 0-0 11. Re1 Re8 12. Qd2 b4 13. Na4 Nh5 14. a3 Bg4 15. Bg5 f6 16. Be3 a5 17. Bb5 Re7 18. axb4 axb4 19. Nxc5 Rxa1 20. Rxa1 dxc5 21. d6 Rxe4 22. Qd5+ Re6 23. d7 1-0

[Event "IECG TE.2005.P.02024"]
[Site "IECG email"]
[Date "2005.12.19"]
[Round "?"]
[White "Pogrzeba, Guenther"]
[Black "Tessieri, Franco"]
[Result "1-0"]
[WhiteElo "1882"]
[BlackElo "1602"]
[PlyCount "67"]
[EventDate "2005.12.19"]
[EventType "tourn (corr)"]
[EventRounds "8"]
[SourceTitle "Corr 2008"]
[Source "ChessBase"]
[SourceDate "2008.06.24"]
[SourceVersion "1"]
[SourceVersionDate "2008.06.24"]
[SourceQuality "1"]

1. e4 e5 2. Nf3 Nc6 3. c3 d5 4. Bb5 dxe4 5. Nxe5 Qd5 6. Qa4 Nge7 7. f4 exf3 8. Nxf3 a6 9. Be2 Bd7 10. 0-0 Ng6 11. Qd1 Be7 12. d4 Bf6 13. Nbd2 0-0 14. Bc4 Qh5 15. Ne4 Be7 16. Bg5 Bg4 17. Qd2 Na5 18. Bd3 Bxg5 19. Nfxg5 Rae8 20. b4 Nc6 21. Rae1 Nd8 22. h3 Bd7 23. Bc4 b5 24. Bb3 Be6 25. d5 Bc8 26. d6 cxd6 27. Ng3 Qh6 28. Rxe8 Rxe8 29. Rxf7 d5 30. Bxd5 Kh8 31. Qd4 Nf8 32. Nh5 Nfe6 33. Nxe6 Nxf7 34. Nhxg7 1-0